Trouver le plus de joueurs de football en 30 secondes - Statistiques

Statistiques générales
  • Ce quiz a été pris 224 fois
  • Le résultat moyen est 9 sur 16
Statistiques - réponses
Par images Réponse % Correct
João Neves
94%
Marcus Thuram
92%
Christopher Nkunku
90%
Ansu Fati
86%
Éder Militão
81%
Désiré Doué
79%
Jadon Sancho
73%
Joško Gvardiol
56%
Brahim Diaz
53%
Amad Diallo
44%
Nuno Mendes
44%
Moisés Caicedo
38%
Rodrygo
28%
Dayot Upamecano
19%
Pau Cubarsí
16%
Eberechi Eze
10%
Aucun quiz correspondant
Distribution des résultats
% des personnes avec chaque résultat
Percentile par nombre de réponses
Votre historique - résultats
Vous n’avez pas pris ce quiz